Veľa nejasností a nízke výnosy. Výsledok zmeny zákona môže prilákať nových sporiteľov
Problematika druhého piliera. Poplatky, ktoré inkasujú dôchodkoví správcovia. Zmeny v majetkoch. Záporné hodnotenie aj prvého piliera. Nedokonalosti pri rýchlo pripravenej regulácii dôchodkových fondov. Investičný horizont a majetok. Poplatky. Výsledky zmien.
Uložené v:
| Hlavný autor: | |
|---|---|
| Médium: | Kapitola |
| Jazyk: | Slovak |
| Predmet: | |
| Tagy: |
Žiadne tagy, Buďte prvý, kto otaguje tento záznam!
|
MARC
| LEADER | 00000naa$a2200000$$$4500 | ||
|---|---|---|---|
| 001 | 0093582 | ||
| 005 | 20240502072037.0 | ||
| 041 | 0 | |a slo | |
| 044 | |a SK | ||
| 245 | 1 | 0 | |a Veľa nejasností a nízke výnosy. Výsledok zmeny zákona môže prilákať nových sporiteľov |c Pavel Škriniar |
| 520 | |a Problematika druhého piliera. Poplatky, ktoré inkasujú dôchodkoví správcovia. Zmeny v majetkoch. Záporné hodnotenie aj prvého piliera. Nedokonalosti pri rýchlo pripravenej regulácii dôchodkových fondov. Investičný horizont a majetok. Poplatky. Výsledky zmien. | ||
| 610 | 2 | 0 | |a výnosy |
| 610 | 2 | 0 | |a klienti |
| 610 | 2 | 0 | |a sporenie dôchodkové |
| 610 | 2 | 0 | |a investície |
| 610 | 2 | 0 | |a majetok |
| 100 | 1 | |a Škriniar, Pavel, 1979- | |